1162 1740 1570 1372 1330 1322 1677 1169 1373 1374 1567 1983 1492 1090 1851 1442 1919 1724 1958 1281 1956 1408 1155 1800 1468 1341 1335 1293 1907 1891 1465 1770 1515 1873 1590 1760 1756 1178 1746 1441 1152 1249 1106 1315 1926 1771 1539 1775 1034 1527 1801 1170 1455 1469 1326 1415 1692 1967 1207 1811 1487 1524 1121 1080 1947 1781 1895 1305 1300 1551 1683 1105 1631 1171 1353 1972 1563 1866 1795 1842 1553 1489 1574 1797 1568 1500 1312 1624 1677 1781 1778 1869 1248 1026 1680 1786 1490 1679 1069 BCNSPRNW ULIB Ver.6.0+V

เปลี่ยนเป็นภาษาไทย

Change to English
 แสดงรายละเอียดบรรณานุกรม
  กลับหน้าหลัก

Brief Record : Get Marc (ISO 2709) : E-mail record : QR code < ปิดหน้าต่าง
LEADER : 00000nam 2200000uu 4500
001    13399113063
003     ULIB
008    110922s2546||||th 000 0 tha d
020    9749177169
050  4 PE1128^bก669T 2546
100 0  กิตติ์ จิรติกุล
245 10 TOEFL Listening Tests /^cกิตติ์ จิรติกุล
250    พิมพ์ครั้งที่ 1
260    กรุงเทพฯ :^bดวงกมลสมัย,^c2546
300    220 หน้า :^bภาพประกอบ ;^c26 ซม. +^eซีดี-รอม 2 แผ่น
650  4 ภาษาอังกฤษ^xข้อสอบและเฉลย
650  4 ภาษาอังกฤษ^xไวยากรณ์
650  4 ภาษาอังกฤษ^xการใช้ภาษา
945    ^p359^l0^i020209
995    ทศพร
999 ^a ทศพร
รายการนี้ยังไม่มีแท็ก
คุณยังไม่ได้ล็อกอิน คุณสามารถมีกิจกรรมร่วมกับเว็บไซต์ได้ แต่ต้องล็อกอินก่อน ::
  ล็อกอิน

รายการสื่อสารสนเทศ

ลำดับที่ ประเภท เลขเรียก/บาร์โค้ด สถานที่ สถานะ
- ไม่พบข้อมูล -

รายการใกล้เคียง
    ผู้แต่ง [กิตติ์ จิรติกุล]

    หัวเรื่อง [ภาษาอังกฤษ การใช้ภาษา]

BibComment


ยังไม่เคยถูกคอมเมนท์

คอมเมนท์ทรัพยากรรายการนี้
  คอมเมนท์: TOEFL Listening T..


 Copyright 2026. Bcnsprnw @Library